[Event "Mechanics' Fall TNM; 30/90, SD/30"]
[Site "San Francisco"]
[Date "2014.11.04"]
[Round "3.32"]
[White "Bayaraa, Bilguun"]
[Black "Rajaram, Raghu"]
[Result "0-1"]
[WhiteElo "639"]
[BlackElo "1897"]
[PlyCount "56"]
[EventDate "2014.??.??"]

1. d4 Nf6 2. e3 g6 3. Nf3 Bg7 4. Be2 d5 5. O-O O-O 6. Nc3 c5 7. Bd2 Nc6 8. Nb5
a6 9. Nc3 Bf5 10. a3 Ne4 11. Bd3 e5 12. dxc5 Nxc3 13. Bxc3 e4 14. Be2 Bxc3 15.
bxc3 exf3 16. Bxf3 Be4 17. Bxe4 dxe4 18. Qxd8 Raxd8 19. Rab1 Rd2 20. Rxb7 Rxc2
21. Rb6 Ne5 22. Rxa6 Rc8 23. Ra5 Nd3 24. Rb1 Rxc5 25. Ra8+ Kg7 26. a4 R5xc3 27.
a5 Rc1+ 28. Rxc1 Rxc1# 0-1

[Event "Mechanics' Fall TNM; 30/90, SD/30"]
[Site "San Francisco"]
[Date "2014.12.16"]
[Round "8.9"]
[White "Bayaraa, Chinguun"]
[Black "Askin, David"]
[Result "1-0"]
[WhiteElo "1868"]
[BlackElo "2007"]
[PlyCount "89"]
[EventDate "2014.??.??"]

1. d4 d5 2. c4 c6 3. Nc3 e6 4. e3 Nf6 5. Nf3 Nbd7 6. Bd3 dxc4 7. Bxc4 b5 8. Bd3
a6 9. e4 c5 10. d5 Bb7 11. dxe6 fxe6 12. Qe2 e5 13. Bg5 Be7 14. O-O O-O 15.
Rfd1 Qc7 16. Rac1 Rad8 17. a4 c4 18. Bb1 Qb6 19. Ba2 Kh8 20. Bxf6 Bxf6 21. b3
b4 22. Nd5 Bxd5 23. Rxd5 c3 24. a5 Qc6 25. Bb1 Nc5 26. Qc4 Rxd5 27. exd5 Qb5
28. Qg4 Qxa5 29. Nh4 Qa3 30. Re1 Bxh4 31. Qxh4 e4 32. Qe7 Rc8 33. d6 Qxb3 34.
d7 Nxd7 35. Qxd7 Rf8 36. Qe7 Kg8 37. Qxe4 g6 38. Bd3 Rc8 39. Bxa6 Rc7 40. Rb1
Qxb1+ 41. Qxb1 c2 42. Qc1 b3 43. Bd3 Rc3 44. Be4 Rc4 45. Bd5+ 1-0

[Event "Mechanics' Whitehead TNM; 30/90, SD/30"]
[Site "San Francisco"]
[Date "2014.08.05"]
[Round "1.24"]
[White "Bayaraa, Chinguun"]
[Black "Ayinala, Shree"]
[Result "1-0"]
[WhiteElo "1857"]
[BlackElo "962"]
[PlyCount "107"]
[EventDate "2014.??.??"]

1. d4 Nf6 2. c4 g6 3. Nc3 Bg7 4. e4 d6 5. h3 O-O 6. Nf3 Nbd7 7. Be2 b6 8. Be3
Bb7 9. Qc2 e6 10. O-O Qe7 11. Rac1 a6 12. a3 Rac8 13. Nd2 Rfd8 14. Rfe1 h6 15.
Nf1 Kh7 16. Ng3 c6 17. a4 Ne8 18. Qb3 a5 19. Bd3 Nc7 20. Rf1 Rb8 21. Rce1 Rg8
22. Qc2 e5 23. d5 c5 24. Nge2 Na6 25. Na2 Rbf8 26. Nec3 Nf6 27. Nb5 Nh5 28. Qd2
f6 29. f4 Ng3 30. Rf3 exf4 31. Bxf4 Nh5 32. Bxd6 Qd7 33. Bxf8 Bxf8 34. Ref1 Be7
35. Qe3 Rf8 36. e5 f5 37. e6 Qd8 38. Qe5 Bf6 39. Qd6 Bd4+ 40. Kh1 Qxd6 41. Nxd6
Ba8 42. e7 Rh8 43. e8=Q Rxe8 44. Nxe8 Bxb2 45. g4 Ng7 46. Nxg7 Kxg7 47. gxf5
Nb4 48. Nxb4 axb4 49. fxg6 h5 50. h4 Bd4 51. Rf7+ Kg8 52. Rf8+ Kg7 53. R1f7+
Kh6 54. Rh7# 1-0

[Event "Mechanics' Spring TNM; 30/90, SD/30"]
[Site "San Francisco"]
[Date "2014.04.22"]
[Round "6.18"]
[White "Bayaraa, Chinguun"]
[Black "Bertot, German"]
[Result "1/2-1/2"]
[WhiteElo "1775"]
[BlackElo "1631"]
[PlyCount "40"]
[EventDate "2014.??.??"]

1. d4 Nf6 2. c4 e6 3. Nc3 d5 4. Bg5 c6 5. e3 Nbd7 6. Nf3 Qa5 7. Nd2 Bb4 8. Qc2
dxc4 9. Bxf6 Nxf6 10. Nxc4 Qc7 11. a3 Bxc3+ 12. bxc3 O-O 13. Bd3 b6 14. O-O Ng4
15. g3 h6 16. Be2 Nf6 17. Bf3 Ba6 18. Be2 c5 19. Ne5 Bb7 20. Qb2 Ne4 {
Both scoresheets have mistakes in notation from this point forward.} 1/2-1/2

[Event "Mechanics' Fall TNM; 30/90, SD/30"]
[Site "San Francisco"]
[Date "2014.11.04"]
[Round "3.20"]
[White "Bayaraa, Chinguun"]
[Black "Brown, Nicholas"]
[Result "1-0"]
[WhiteElo "1868"]
[BlackElo "1520"]
[Annotator "Donaldson"]
[PlyCount "71"]
[EventDate "2014.??.??"]

1. d4 Nf6 2. c4 g6 3. Nc3 d5 4. cxd5 Nxd5 5. e4 Nxc3 6. bxc3 Bg7 7. Nf3 O-O 8.
Be3 c5 9. Be2 Nc6 10. Rc1 cxd4 11. cxd4 Qa5+ 12. Qd2 Qxd2+ 13. Kxd2 Bg4 14. d5
Rfd8 15. Ke1 Bxf3 16. Bxf3 Nb4 17. Rc7 b6 18. a3 Nd3+ 19. Ke2 Ne5 20. Rxe7 Rdc8
21. Rd1 Nxf3 22. Kxf3 Bf8 23. Rb7 Bxa3 24. d6 Rd8 25. d7 Be7 26. Bf4 Kg7 27. e5
f5 28. e6 Kf6 29. Re1 g5 30. Be5+ Kg6 (30... Kxe6 31. Bc7+) 31. h3 h5 32. Ke3
f4+ 33. Ke4 Rf8 34. Rd1 Rg8 35. Bd6 Kf6 36. Bxe7+ 1-0

[Event "Mechanics' Fall TNM; 30/90, SD/30"]
[Site "San Francisco"]
[Date "2014.12.02"]
[Round "6.17"]
[White "Bayaraa, Chinguun"]
[Black "Cheung, Aaron"]
[Result "1/2-1/2"]
[WhiteElo "1868"]
[BlackElo "1597"]
[PlyCount "94"]
[EventDate "2014.??.??"]

1. d4 Nf6 2. c4 d6 3. Nc3 g6 4. e4 Bg7 5. h3 O-O 6. Nf3 c5 7. d5 Nfd7 8. Bd2
Ne5 9. Nxe5 Bxe5 10. Bd3 f5 11. exf5 Bxf5 12. Bxf5 Rxf5 13. O-O Nd7 14. Qb3 Qb6
15. Qc2 Raf8 16. Nd1 Bd4 17. Be3 Bg7 18. Rb1 Ne5 19. b4 Qa6 20. b5 Qb6 21. Nb2
Qc7 22. f4 Nd7 23. Nd3 Nb6 24. a4 Bd4 25. Bxd4 cxd4 26. Rbc1 Rc8 27. Qb3 Nd7
28. Qb2 Nc5 29. Nxc5 dxc5 30. g3 Re8 31. Rce1 Rf6 32. Re5 Qd7 33. Qg2 e6 34.
Rfe1 Kf7 35. Qe2 b6 36. Kh2 Qd6 37. f5 Rxf5 38. dxe6+ Kf6 39. Rxf5+ gxf5 40.
Qh5 Rxe6 41. Qh6+ Ke7 42. Qxh7+ Kd8 43. Qg8+ Ke7 44. Qh7+ Kd8 45. Qg8+ Ke7 46.
Qg7+ Kd8 47. Qg8+ Ke7 1/2-1/2

[Event "Mechanics' Spring TNM; 30/90, SD/30"]
[Site "San Francisco"]
[Date "2014.04.15"]
[Round "5.9"]
[White "Bayaraa, Chinguun"]
[Black "Fuentes, Romulo"]
[Result "0-1"]
[WhiteElo "1775"]
[BlackElo "2225"]
[Annotator "Donaldson"]
[PlyCount "74"]
[EventDate "2014.??.??"]

1. d4 Nf6 2. c4 e6 3. Nc3 c5 4. e3 (4. d5 exd5 5. cxd5) 4... g6 5. Nf3 Bg7 6.
Be2 O-O 7. O-O b6 8. Qc2 (8. d5) 8... a6 9. b3 Bb7 10. Bb2 Qc7 11. Rac1 d6 12.
Rfd1 Nbd7 13. h3 (13. e4 cxd4 14. Nxd4) (13. Ng5 Rab8 14. Nge4) (13. d5 exd5
14. cxd5 (14. Nxd5 Nxd5 15. cxd5) 14... b5) 13... Rac8 14. d5 exd5 15. Nxd5
Bxd5 16. cxd5 b5 17. Ba1 (17. a4) 17... Rfe8 18. Bc3 Qb7 19. a4 b4 20. Bb2 Nb6
21. Bc4 (21. a5 Nbxd5 22. Ng5 h6 23. Nxf7 Kxf7 24. Bc4 Kf8 25. Qxg6) 21...
Nfxd5 22. Bxg7 Kxg7 23. Bxd5 Nxd5 24. Qc4 Nb6 25. Qf4 d5 {Diagram #} 26. a5 (
26. Rxc5 $1 Re4 27. Qd6 Re6 28. Qf4 Re4 29. Qd6 $11) 26... Nd7 27. Qd6 Nf6 28.
Qg3 Ne4 29. Qh4 Nc3 30. Rd2 Qe7 31. Qxe7 Rxe7 32. Ne1 c4 33. Kf1 Rb7 34. Nc2
cxb3 35. Nd4 Ne4 36. Rdd1 Rxc1 37. Rxc1 b2 0-1

[Event "Mechanics' Fall TNM; 30/90, SD/30"]
[Site "San Francisco"]
[Date "2014.10.21"]
[Round "1.26"]
[White "Bayaraa, Chinguun"]
[Black "Hood, Bryan"]
[Result "1-0"]
[WhiteElo "1868"]
[BlackElo "1352"]
[Annotator "Donaldson"]
[PlyCount "121"]
[EventDate "2014.??.??"]

1. d4 Nf6 2. c4 d5 3. Nc3 g6 4. Nf3 Bg7 5. e3 Bf5 $2 (5... O-O {
with ...c5 or . ..c6 to follow.}) 6. Be2 (6. Qb3 $1) 6... O-O $2 (6... c6 7.
Qb3 Qb6) 7. Qb3 $1 b6 8. cxd5 c6 9. dxc6 Nxc6 10. O-O a6 11. a3 Be6 12. Qd1 Na5
13. Nd2 Qc7 14. Bd3 Ng4 15. g3 f5 16. Na4 Rfd8 17. h3 $2 {Diagram #} (17. b4
$16) 17... Nxe3 $1 18. Qe1 Rxd4 $2 (18... Bxd4 19. fxe3 Be5 20. Bb1 Bxg3 21.
Qe2 Be5 {offered Black interesting play. Now Chinguun, who recently crossed
2000 at age 8, is winning again.}) 19. Qxe3 Qd6 20. Bc2 Rc8 21. Nc3 Nc4 22.
Nxc4 Rcxc4 23. Re1 Rc6 24. Qxe6+ Qxe6 25. Rxe6 Rxe6 26. Bb3 Kf7 27. Be3 Rdd6
28. Bxe6+ Kxe6 29. Rc1 b5 30. Bc5 Rd7 31. Re1+ Kf7 32. Bb4 e6 33. Rd1 Ra7 34.
Ba5 g5 35. Bb6 Rb7 36. Bd4 e5 37. Be3 f4 38. gxf4 gxf4 39. Bc5 Bf8 40. Bxf8
Kxf8 41. Re1 Rg7+ 42. Kh1 f3 43. Rg1 Rxg1+ 44. Kxg1 h5 45. h4 Ke7 46. Kh2 Kd6
47. Kg3 Kc5 48. Kxf3 Kd4 49. Ke2 Kc4 50. Nd1 Kd4 51. Nc3 Kc4 52. Kd2 Kb3 53.
Nd1 Kc4 54. Ke3 Kd5 55. f3 Ke6 56. Ke4 a5 57. Nc3 b4 58. Na4 bxa3 59. bxa3 Kd6
60. Nb2 Ke6 61. Nc4 1-0

[Event "Mechanics' Whitehead TNM; 30/90, SD/30"]
[Site "San Francisco"]
[Date "2014.09.30"]
[Round "9.8"]
[White "Bayaraa, Chinguun"]
[Black "Jaffray, John"]
[Result "1-0"]
[WhiteElo "1857"]
[BlackElo "1997"]
[PlyCount "77"]
[EventDate "2014.??.??"]

1. d4 Nf6 2. c4 e6 3. Nc3 Bb4 4. e3 O-O 5. Bd3 d5 6. Nge2 b6 7. O-O Bb7 8. a3
Bxc3 9. bxc3 Nbd7 10. Ng3 c5 11. Qe2 Rc8 12. Bb2 Qc7 13. cxd5 exd5 14. Rac1 c4
15. Bb1 g6 16. Rce1 Ne4 17. Nxe4 dxe4 18. a4 Qd6 19. Ba2 Qc6 20. Qc2 Rfe8 21.
Ba3 Nf6 22. f4 Nd5 23. Bc1 f5 24. Bd2 Rc7 25. Rb1 Bc8 26. Ra1 Bd7 27. Bb1 Rb8
28. Qa2 b5 29. axb5 Rxb5 30. Bc2 Rb6 31. Rfb1 Kg7 32. Qa3 Kf7 33. h3 Rcb7 34.
Rxb6 axb6 35. Qa8 Bc8 36. Ba4 Qc7 37. Bb5 Ke7 38. Ra4 Rb8 39. Qxd5 1-0

[Event "Mechanics' Winter TNM; 30/90, SD/30"]
[Site "San Francisco"]
[Date "2014.02.18"]
[Round "7.15"]
[White "Bayaraa, Chinguun"]
[Black "Lardent, Ranen"]
[Result "1/2-1/2"]
[WhiteElo "1570"]
[BlackElo "1793"]
[PlyCount "66"]
[EventDate "2014.??.??"]

1. d4 f5 2. c4 d6 3. Nc3 Nf6 4. Nf3 g6 5. e3 Bg7 6. Bd3 O-O 7. O-O Qe8 8. Qc2
e5 9. dxe5 dxe5 10. Nd2 c6 11. b3 Na6 12. Ba3 Rf7 13. Rad1 Be6 14. Be2 e4 15.
Ndb1 Rd7 16. Rxd7 Nxd7 17. Rd1 Ne5 18. Na4 Rd8 19. Nc5 Nxc5 20. Bxc5 b6 21. Bd4
c5 22. Bc3 Rxd1+ 23. Bxd1 Qd7 24. Be2 a6 25. Nd2 Nc6 26. Bxg7 Qxg7 27. Nf1 Nb4
28. Qd2 Qd7 29. Qb2 Qg7 30. Qd2 Qd7 31. Qb2 Qg7 32. Qd2 Qd7 33. Qb2 Qg7 1/2-1/2

[Event "Mechanics' Winter TNM; 30/90, SD/30"]
[Site "San Francisco"]
[Date "2014.01.07"]
[Round "1.2"]
[White "Bayaraa, Chinguun"]
[Black "Lin, Michael"]
[Result "0-1"]
[WhiteElo "1570"]
[BlackElo "2203"]
[PlyCount "58"]
[EventDate "2014.??.??"]

1. d4 Nf6 2. c4 g6 3. Nc3 Bg7 4. e4 d6 5. h3 O-O 6. Nf3 e5 7. d5 a5 8. Bg5 Na6
9. Be2 Nc5 10. Qc2 c6 11. O-O cxd5 12. cxd5 Bd7 13. Be3 Rc8 14. Nd2 b5 15. Bxc5
Rxc5 16. Qb3 Bh6 17. Rfd1 Bxd2 18. Rxd2 b4 19. Na4 Bxa4 20. Qxa4 Nxe4 21. Rd3
Qh4 22. Rf1 Rfc8 23. Bg4 f5 24. Bf3 Nf6 25. Rdd1 e4 26. Be2 Rc2 27. Ba6 R8c5
28. a3 e3 29. axb4 Rxf2 0-1

[Event "Mechanics' Whitehead TNM; 30/90, SD/30"]
[Site "San Francisco"]
[Date "2014.09.16"]
[Round "7.17"]
[White "Bayaraa, Chinguun"]
[Black "Reyes, Robert"]
[Result "1-0"]
[WhiteElo "1857"]
[BlackElo "1655"]
[PlyCount "101"]
[EventDate "2014.??.??"]

1. d4 Nf6 2. c4 e6 3. Nc3 Bb4 4. e3 d6 5. Bd3 Nbd7 6. Nf3 b6 7. O-O Bxc3 8.
bxc3 Bb7 9. Nd2 c5 10. e4 O-O 11. f3 Qc7 12. Nb3 Rac8 13. Be3 Rfd8 14. Qe2 Re8
15. Rac1 Qb8 16. Rfd1 Kh8 17. Bf2 Kg8 18. Re1 d5 19. e5 dxc4 20. Bxc4 Nd5 21.
Nd2 Ne7 22. Ne4 Bxe4 23. fxe4 Red8 24. Red1 Ng6 25. Bb5 Rc7 26. h3 Qc8 27. Qe3
a6 28. Be2 h6 29. Bh5 Ndf8 30. Be2 Nd7 31. Rf1 Rf8 32. Bh5 Qd8 33. Bg3 Qe7 34.
Bxg6 fxg6 35. Rxf8+ Nxf8 36. Rb1 Nd7 37. Qd3 b5 38. d5 Qg5 39. dxe6 Nxe5 40.
Bxe5 Qxe5 41. Rf1 Rc8 42. Qd7 Qc7 43. e5 Qd8 44. Rf7 Qe8 45. Rxg7+ Kf8 46. Rh7
Qxd7 47. exd7 Rd8 48. e6 Kg8 49. e7 Rxd7 50. e8=Q+ Kxh7 51. Qxd7+ 1-0

[Event "Mechanics' Winter TNM; 30/90, SD/30"]
[Site "San Francisco"]
[Date "2014.02.04"]
[Round "5.26"]
[White "Bayaraa, Chinguun"]
[Black "Schlosberg, Mark"]
[Result "1-0"]
[WhiteElo "1570"]
[BlackElo "671"]
[PlyCount "74"]
[EventDate "2014.??.??"]

1. d4 d5 2. c4 c6 3. Nf3 Nf6 4. Nc3 dxc4 5. a4 Bg4 6. e3 e6 7. Bxc4 Bb4 8. Be2
Nbd7 9. Qb3 a5 10. O-O O-O 11. Na2 Qb6 12. Nxb4 Qxb4 13. Qc2 Qd6 14. b3 Bxf3
15. Bxf3 e5 16. Ba3 Qc7 17. Bxf8 Rxf8 18. d5 e4 19. Bxe4 Nxe4 20. Qxe4 Nf6 21.
Qc4 Nxd5 22. Rfd1 Qe5 23. Rd4 Nb6 24. Qc3 c5 25. Qxa5 Qf6 26. Rdd1 c4 27. bxc4
Nxc4 28. Qb5 Ne5 29. Qxb7 Ng4 30. Qf3 Qe6 31. a5 Ne5 32. Qd5 Qf6 33. a6 Nc6 34.
a7 Nxa7 35. Rxa7 h6 36. e4 Kh7 37. e5 Re8 1-0

[Event "Mechanics' Winter TNM; 30/90, SD/30"]
[Site "San Francisco"]
[Date "2014.01.28"]
[Round "4.27"]
[White "Bayaraa, Chinguun"]
[Black "Toziopolous, Stephen"]
[Result "1-0"]
[WhiteElo "1570"]
[BlackElo "1298"]
[Annotator "Donaldson"]
[PlyCount "48"]
[EventDate "2014.??.??"]

1. d4 d5 2. c4 c6 3. Nf3 Nf6 4. Nc3 e6 5. Bg5 Nbd7 6. e3 Bd6 7. Rc1 O-O 8. Bd3
dxc4 9. Bxc4 b5 10. Bd3 Bb7 11. O-O h6 12. Bh4 Rc8 13. Ne4 Be7 14. Nc5 Nxc5 15.
dxc5 Rc7 16. Ne5 Qd5 17. Bg3 Rd8 18. Qc2 Rcc8 19. Rfd1 Kf8 20. b3 (20. Bg6)
20... Nd7 21. Be4 Qxc5 22. Nxd7+ Rxd7 23. Rxd7 Qxc2 24. Rxc2 Ba8 1-0

[Event "Mechanics' Spring TNM; 30/90, SD/30"]
[Site "San Francisco"]
[Date "2014.03.25"]
[Round "2"]
[White "Bayaraa, Chinguun"]
[Black "Voorhees, Cody"]
[Result "1-0"]
[WhiteElo "1775"]
[BlackElo "1476"]
[Annotator "Donaldson"]
[PlyCount "75"]
[EventDate "2014.??.??"]

1. d4 d5 2. c4 e6 3. Nc3 Nf6 4. Nf3 Bb4 5. Qc2 (5. Bg5 O-O 6. e3 c5 7. cxd5
exd5 8. Bd3) (5. cxd5 exd5 6. Bg5) 5... O-O 6. Bg5 c5 7. e3 (7. dxc5) 7... cxd4
8. Nxd4 e5 9. Nf3 d4 10. a3 $2 (10. O-O-O) 10... Bxc3+ (10... Qa5) 11. bxc3
dxe3 12. Bxe3 Qa5 (12... Qc7) 13. Be2 Bf5 $1 14. Qb2 Nc6 15. O-O e4 (15... Qc7)
16. Nd4 Nxd4 $2 (16... Bd7) 17. cxd4 Qc7 (17... Rfd8 18. a4 b6 19. Qb5 Qxb5 20.
axb5) 18. c5 (18. d5) (18. a4) 18... Rad8 19. Rac1 (19. Bg5 Qe7 20. Rab1 Rd7
21. Bb5 Rdd8 22. Bc4) 19... Bg4 20. h3 (20. Bc4 Nd5 21. Bg5 f6 22. Bh4) 20...
Bxe2 21. Qxe2 Rd5 $2 (21... Nd5 $11) 22. Rc4 Rh5 23. Rb1 g5 24. Rcb4 (24. d5 g4
25. d6 Qd7 26. Bd4) 24... Rb8 25. d5 $1 g4 26. d6 Qd7 27. hxg4 (27. Bd4) 27...
Nxg4 {Diagram #} 28. Rxb7 $1 Rxb7 29. Rxb7 Qf5 30. Qb2 Rh1+ 31. Kxh1 Qh5+ 32.
Kg1 Qh2+ 33. Kf1 Nxe3+ 34. fxe3 Qh1+ 35. Kf2 Qh4+ 36. Ke2 Qg4+ 37. Kd2 Qxg2+
38. Kc3 1-0

[Event "Mechanics' Whitehead TNM; 30/90, SD/30"]
[Site "San Francisco"]
[Date "2014.09.02"]
[Round "5.10"]
[White "Bayaraa, Chinguun"]
[Black "Walder, Michael"]
[Result "0-1"]
[WhiteElo "1857"]
[BlackElo "2134"]
[PlyCount "78"]
[EventDate "2014.??.??"]

1. d4 Nf6 2. c4 e6 3. Nc3 Bb4 4. e3 O-O 5. Bd3 c5 6. Nf3 Nc6 7. O-O Bxc3 8.
bxc3 d6 9. Re1 e5 10. d5 e4 11. dxc6 exd3 12. Qxd3 bxc6 13. e4 Ba6 14. Bg5 h6
15. Bh4 Re8 16. Nd2 g5 17. Bg3 d5 18. e5 Nh5 19. Qf3 Nxg3 20. hxg3 Re6 21. Rad1
Qe7 22. Qh5 Kh7 23. cxd5 cxd5 24. Nf3 Bc4 25. a3 Rb8 26. Qg4 Rb3 27. Qf5+ Kg7
28. Nd2 Rxc3 29. Nxc4 dxc4 30. Rd5 Rxa3 31. Qc2 Qb7 32. Rd6 Ra6 33. Rb1 Rb6 34.
Rbd1 Rbxd6 35. exd6 Qd7 36. Qb2+ f6 37. Qd2 c3 38. Qxc3 Rxd6 39. Rxd6 Qxd6 {
and Black won in 55 moves (remaining moves unavailable).} 0-1

[Event "Mechanics' Whitehead TNM; 30/90, SD/30"]
[Site "San Francisco"]
[Date "2014.09.30"]
[Round "9.10"]
[White "Bean, James"]
[Black "Oyuntseren, Togtokh"]
[Result "1-0"]
[WhiteElo "1677"]
[BlackElo "1561"]
[Annotator "Donaldson"]
[PlyCount "71"]
[EventDate "2014.??.??"]

1. Nf3 c5 2. c4 Nf6 3. Nc3 e6 4. e4 Nc6 5. d4 cxd4 6. Nxd4 Bb4 7. f3 e5 (7...
d5) (7... O-O 8. Be2 d5) 8. Nf5 O-O 9. Be3 Bxc3+ 10. bxc3 Re8 11. Nd6 Re6 12.
c5 h6 13. Bc4 Re7 14. Nf5 Re8 15. Nd6 Re7 16. Qd2 Na5 17. Bxf7+ Rxf7 18. Bxh6
gxh6 19. Qxh6 Qe7 20. Nf5 Qf8 21. Qg6+ Kh8 22. Qg5 Nh7 23. Qh5 Nc4 24. Nh4 Qg7
25. Nf5 Qf6 26. Nh6 Rg7 27. Ng4 Qg6 28. Qh4 Qg5 29. Qf2 d5 30. h4 Qd8 31. Rd1
Be6 (31... Bxg4 32. Rxd5 Qa5) 32. exd5 Bxd5 33. Qe2 Re7 34. Qd3 e4 $2 (34...
Rd7) 35. Qd4+ Kg8 $4 (35... Rg7) 36. Nh6+ 1-0

[Event "Mechanics' Spring TNM; 30/90, SD/30"]
[Site "San Francisco"]
[Date "2014.03.25"]
[Round "2"]
[White "Bekhtur, Bayaraa"]
[Black "Chea, Na"]
[Result "0-1"]
[WhiteElo "1478"]
[BlackElo "1868"]
[Annotator "Donaldson"]
[PlyCount "64"]
[EventDate "2014.??.??"]

1. e4 e5 2. Nf3 Nc6 3. d4 exd4 4. Nxd4 Qf6 5. Be3 (5. Nb5) 5... Bc5 6. c3 Nge7
7. Be2 Ng6 8. Qd2 h6 9. b4 Bb6 10. a4 a5 11. b5 Nxd4 12. cxd4 d6 13. Nc3 Be6
14. O-O O-O 15. f4 Bd7 16. f5 (16. Nd5 Qd8 17. f5 Ne7 18. Nxe7+ Qxe7 19. f6)
16... Ne7 17. Rf3 (17. Rae1) 17... c6 18. Raf1 Rfd8 19. Rh3 c5 20. e5 dxe5 21.
Ne4 Qxf5 22. Rxf5 Bxf5 23. Rh4 $2 (23. Rh5 $1 Bxe4 24. Rxe5 cxd4 25. Bf2 $18)
23... cxd4 $2 (23... Ng6) 24. Bxh6 (24. Bf2) 24... Ng6 (24... d3+) 25. Bxg7 (
25. Bd3) 25... d3+ 26. Kf1 dxe2+ 27. Qxe2 Rac8 (27... Kxg7) (27... Nxh4) 28.
Bh6 (28. Qh5 Rc1+ 29. Ke2 Rc2+ 30. Ke1 Rc1+ $11) 28... Nxh4 29. Nf6+ Kh8 30.
Qh5 Bd3+ 31. Ke1 Nxg2+ 32. Kd1 Bg6+ 0-1

[Event "Mechanics' Spring TNM; 30/90, SD/30"]
[Site "San Francisco"]
[Date "2014.05.06"]
[Round "8.12"]
[White "Bekhtur, Bayaraa"]
[Black "Krasnov, Steven"]
[Result "0-1"]
[WhiteElo "1878"]
[BlackElo "2007"]
[Annotator "Donaldson"]
[PlyCount "66"]
[EventDate "2014.??.??"]

1. e4 c5 2. Nf3 e6 3. d4 cxd4 4. Nxd4 a6 5. Bc4 $6 Qc7 6. Bb3 Nf6 7. Nc3 $2 (7.
Qd3) 7... Bb4 8. O-O b5 (8... Bxc3 9. bxc3 Qxc3 (9... Nxe4 10. Qg4) 10. Ba3 $5)
9. Bg5 Bxc3 10. bxc3 Nxe4 11. Qf3 Bb7 12. Bf4 Qxc3 13. Qd1 O-O 14. f3 Nc5 15.
Ne2 Qf6 16. Qd6 Rc8 17. Be5 Qd8 18. Qd4 Nxb3 19. cxb3 Nc6 20. Qd6 Nxe5 21. Qxe5
Qb6+ 22. Kh1 f6 23. Qg3 e5 24. Qg4 Qe6 25. Qh4 d5 26. Rfe1 Qd7 27. f4 Rc2 28.
fxe5 fxe5 29. Qh5 d4 30. Qg5 Re8 31. Rad1 h6 32. Qg6 Rxa2 33. Qb1 Qg4 0-1

[Event "Mechanics' Spring TNM; 30/90, SD/30"]
[Site "San Francisco"]
[Date "2014.04.15"]
[Round "5.14"]
[White "Bekhtur, Bayaraa"]
[Black "Standen, Julian"]
[Result "1-0"]
[WhiteElo "1878"]
[BlackElo "1637"]
[PlyCount "25"]
[EventDate "2014.??.??"]

1. e4 d5 2. exd5 Qxd5 3. Nc3 Qa5 4. Nf3 Nf6 5. Bc4 c5 $2 6. O-O e6 7. d4 Bd6 8.
Bg5 O-O 9. Bxf6 gxf6 10. Ne4 Be7 11. dxc5 Bxc5 12. Nxf6+ Kh8 13. Qd3 1-0

[Event "Mechanics' Winter TNM; 30/90, SD/30"]
[Site "San Francisco"]
[Date "2014.02.18"]
[Round "7.18"]
[White "Bertot, German"]
[Black "Askin, Michael"]
[Result "0-1"]
[WhiteElo "1631"]
[BlackElo "1903"]
[PlyCount "34"]
[EventDate "2014.??.??"]

1. d4 d5 2. c4 c6 3. Nc3 Nf6 4. Nf3 e6 5. Bg5 h6 6. Bh4 dxc4 7. a4 Bb4 8. Qc2
b5 9. e4 g5 10. Bg3 Bb7 11. Be2 Nbd7 12. O-O a6 13. Rad1 Nb6 14. axb5 cxb5 15.
Be5 Bxc3 16. Bxf6 Qxf6 17. Qxc3 Bxe4 {
White's resignation seems a bit premature but Black's position is winning.} 0-1

[Event "Mechanics' Spring TNM; 30/90, SD/30"]
[Site "San Francisco"]
[Date "2014.04.01"]
[Round "3.12"]
[White "Bertot, German"]
[Black "Chandrasekaran, Siddarth"]
[Result "0-1"]
[WhiteElo "1631"]
[BlackElo "1596"]
[PlyCount "50"]
[EventDate "2014.??.??"]

1. d4 Nf6 2. Nf3 g6 3. c4 c5 4. d5 b5 5. cxb5 a6 6. bxa6 Bxa6 7. Nc3 d6 8. e4
Bxf1 9. Kxf1 Nbd7 10. Ke2 Qa5 11. Re1 Qa6+ 12. Qd3 c4 13. Qc2 Bg7 14. Kf1 Ng4
15. h3 Nge5 16. Nxe5 Nxe5 17. Kg1 O-O 18. Be3 Rfb8 19. a4 Rb7 20. Nb5 Nd3 21.
Reb1 Be5 22. Qxc4 Nxb2 23. Qc2 Nxa4 24. Ra2 Rxb5 25. Rxb5 Qxb5 0-1

[Event "Mechanics' Spring TNM; 30/90, SD/30"]
[Site "San Francisco"]
[Date "2014.04.15"]
[Round "5.24"]
[White "Bertot, German"]
[Black "Hilliard, Michael"]
[Result "1-0"]
[WhiteElo "1631"]
[BlackElo "1400"]
[Annotator "Donaldson"]
[PlyCount "41"]
[EventDate "2014.??.??"]

1. d4 d5 2. Nf3 e6 3. c4 c5 4. e3 Nc6 5. Nc3 Nf6 6. Bd3 Bd6 7. cxd5 exd5 8.
dxc5 Bxc5 9. O-O O-O 10. a3 Bg4 11. h3 Be6 (11... Bh5) 12. b4 Bd6 13. Bb2 Qd7
14. Nb5 Bxh3 $2 (14... Be7) 15. Ng5 (15. Nxd6 $18) 15... Bxg2 16. Kxg2 (16.
Bxf6 Bxf1 17. Bxh7+ Kh8 18. Bc2 {with Qh5 to follow.}) 16... Be5 17. Nxh7 Bxb2
18. Nxf6+ Bxf6 {Diagram #} 19. Bh7+ $1 Kh8 20. Qh5 g6 21. Bxg6+ 1-0

[Event "Mechanics' Winter TNM; 30/90, SD/30"]
[Site "San Francisco"]
[Date "2014.01.28"]
[Round "4.26"]
[White "Bertot, German"]
[Black "Oyuntseren, Togtokh"]
[Result "1-0"]
[WhiteElo "1631"]
[BlackElo "1331"]
[PlyCount "97"]
[EventDate "2014.??.??"]

1. d4 f6 2. Nf3 d5 3. c4 dxc4 4. Nc3 e6 5. e3 Bb4 6. Bxc4 Bxc3+ 7. bxc3 Ne7 8.
O-O a6 9. a4 b6 10. Re1 Nbc6 11. e4 Qd7 12. Ba3 Na5 13. Bd3 Bb7 14. d5 e5 15.
Rb1 Nc8 16. Bb4 c6 17. c4 c5 18. Bxa5 bxa5 19. Qb3 Rb8 20. Re2 O-O 21. Reb2 Rf7
22. Nd2 g6 23. Qa3 Nd6 24. Qxc5 Qc7 25. Qxc7 Rxc7 26. Rb6 Rd8 27. Rc1 f5 28. f3
Kf7 29. c5 Nc8 30. Rb3 Kf6 31. c6 Nd6 32. Rb6 Ra8 33. Rcb1 Bc8 34. Nc4 Nxc4 35.
Bxc4 Ke7 36. Rd1 Kd6 37. Bd3 Kc5 38. Rbb1 Kd6 39. Kf2 Rf7 40. Ke3 f4+ 41. Kf2
g5 42. Rdc1 g4 43. Rb6 Kc7 44. Rb2 Rg7 45. Rc5 gxf3 46. gxf3 Bh3 47. Rb7+ Kd6
48. Rxg7 Kxc5 49. Rxh7 1-0

[Event "Mechanics' Winter TNM; 30/90, SD/30"]
[Site "San Francisco"]
[Date "2014.01.14"]
[Round "2.27"]
[White "Bertot, German"]
[Black "Reyes, Robert"]
[Result "1-0"]
[WhiteElo "1631"]
[BlackElo "1318"]
[PlyCount "61"]
[EventDate "2014.??.??"]

1. d4 Nf6 2. c4 e6 3. Nf3 b6 4. Nc3 Bb7 5. e3 d6 6. Be2 Nbd7 7. b3 Be7 8. Bb2
c5 9. O-O O-O 10. Qc2 cxd4 11. exd4 Rc8 12. Qd3 e5 13. d5 Nc5 14. Qd2 Qd7 15.
Rfe1 h6 16. Bd3 Rfe8 17. Bc2 Bf8 18. Re2 e4 19. Nd4 Qg4 20. Rae1 Qg6 21. f3 Qg5
22. Qxg5 hxg5 23. Nxe4 Nfxe4 24. Bxe4 Rc7 25. Bh7+ Kxh7 26. Rxe8 Nd3 27. R1e2
Nxb2 28. Rxb2 Kg8 29. Rbe2 Rd7 30. Rb8 f6 31. Ree8 1-0

[Event "Mechanics' Winter TNM; 30/90, SD/30"]
[Site "San Francisco"]
[Date "2014.02.11"]
[Round "6.10"]
[White "Bertot, German"]
[Black "Todortsev, Victor"]
[Result "0-1"]
[WhiteElo "1631"]
[BlackElo "1951"]
[PlyCount "92"]
[EventDate "2014.??.??"]

1. d4 d5 2. c4 c6 3. Nf3 Nf6 4. Nc3 g6 5. Bg5 Bg7 6. e3 O-O 7. Bd3 Re8 8. O-O
e6 9. Ne5 Nbd7 10. f4 Qb6 11. b3 c5 12. Na4 Qc7 13. Bxf6 Bxf6 14. Nxd7 Bxd7 15.
Nxc5 Bc6 16. Be2 Rad8 17. Qd2 dxc4 18. Bxc4 b5 19. Be2 e5 20. fxe5 Bxe5 21. Bf3
Bxh2+ 22. Kh1 Bxf3 23. Rxf3 Rd5 24. Raf1 Rh5 25. Rh3 Rxh3 26. gxh3 Bg3 27. Qe2
Bh4 28. Qf3 f5 29. Kg2 Qe7 30. Qd5+ Kg7 31. Rf3 Bg5 32. e4 fxe4 33. Nxe4 Bh4
34. Ng3 a6 35. Rf4 Bg5 36. Re4 Qd8 37. Qxd8 Rxd8 38. Kf3 Rc8 39. Re2 Rc3+ 40.
Kg4 Bf6 41. Rd2 h5+ 42. Nxh5+ gxh5+ 43. Kxh5 Rxh3+ 44. Kg4 Rh4+ 45. Kf3 Rxd4
46. Rxd4 Bxd4 0-1